Country Shapes Target Practice - Statistics

General Stats
  • This quiz has been taken 53,854 times
  • The average score is 126 of 300
Answers on the Map
Answers color-coded by a green-red scale on the quiz's map according to % correct below.
 
Answer Stats
Country % Correct
United States
100%
Australia
98%
China
94%
France
93%
Thailand
85%
Sweden
84%
Algeria
76%
Peru
74%
Syria
54%
Romania
51%
Nicaragua
50%
Slovakia
41%
Costa Rica
37%
Guyana
37%
Zimbabwe
36%
Georgia
30%
Tajikistan
30%
Solomon Islands
21%
San Marino
17%
Eswatini
15%
No matching quizzes found
Score Distribution
Percent of People with Each Score
Percentile by Number Answered
Your Score History
You have not taken this quiz